000 00259nam a2200109Ia 4500
999 _c18624
_d18624
082 _aRR 016.338 PRO
100 _aWoo, Timothy comp.
245 0 _aProductivity : A select book list
260 _an.p.
_bFederal Publishers
_c1986
300 _a101p.
942 _cBK